|
|
|
|
| LEADER |
01008naa a2200241 i 4500 |
| 001 |
acta68385 |
| 005 |
20230308151650.0 |
| 008 |
200806s2009 hu o 1|| hun d |
| 020 |
|
|
|a 978-963-9573-55-0
|
| 040 |
|
|
|a SZTE Egyetemi Kiadványok Repozitórium
|b hun
|
| 041 |
|
|
|a hun
|
| 041 |
|
|
|a eng
|
| 100 |
1 |
|
|a Bernát Anikó
|
| 245 |
1 |
0 |
|a Életszínvonal-utak
|h [elektronikus dokumentum] :
|b görbék és egyenesek /
|c Bernát Anikó
|
| 260 |
|
|
|c 2009
|
| 300 |
|
|
|a 138-139
|
| 490 |
0 |
|
|a Tudásjavak áramlása a közép-kelet-európai régióban a rendszerváltást követően : a Magyar Szociológiai Társaság éves konferenciája
|
| 650 |
|
4 |
|a Társadalomtudományok
|
| 650 |
|
4 |
|a Szociológia
|
| 695 |
|
|
|a Szociológia - előadáskivonat
|
| 700 |
0 |
2 |
|a Páthy-Dencső Blanka
|e aut
|
| 711 |
|
|
|a Tudásjavak áramlása a közép-kelet-európai régióban a rendszerváltást követően
|c Veszprém
|d 2008
|
| 856 |
4 |
0 |
|u http://acta.bibl.u-szeged.hu/68385/1/2009_tudasjavak_aramlasa_138-139.pdf
|z Dokumentum-elérés
|